| 000 -LEADER |
| fixed length control field |
03607cam a22005175i 4500 |
| 001 - CONTROL NUMBER |
| control field |
9387935 |
| 003 - CONTROL NUMBER IDENTIFIER |
| control field |
OSt |
| 005 - DATE AND TIME OF LATEST TRANSACTION |
| control field |
20170105113101.0 |
| 006 - FIXED-LENGTH DATA ELEMENTS--ADDITIONAL MATERIAL CHARACTERISTICS |
| fixed length control field |
m d |
| 007 - PHYSICAL DESCRIPTION FIXED FIELD--GENERAL INFORMATION |
| fixed length control field |
cr n |
| 008 - FIXED-LENGTH DATA ELEMENTS--GENERAL INFORMATION |
| fixed length control field |
110610s2011 gw | s |||| 0|eng d |
| 020 ## - INTERNATIONAL STANDARD BOOK NUMBER |
| International Standard Book Number |
9783642225055 |
| 020 ## - INTERNATIONAL STANDARD BOOK NUMBER |
| International Standard Book Number |
9783642225048 (print) |
| 024 7# - OTHER STANDARD IDENTIFIER |
| Standard number or code |
10.1007/978-3-642-22505-5 |
| Source of number or code |
doi |
| 035 ## - SYSTEM CONTROL NUMBER |
| System control number |
(WaSeSS)ssj0000609249 |
| 040 ## - CATALOGING SOURCE |
| Modifying agency |
WaSeSS |
| Transcribing agency |
C |
| 050 #4 - LIBRARY OF CONGRESS CALL NUMBER |
| Classification number |
TJ210.2-211.495 |
| 050 #4 - LIBRARY OF CONGRESS CALL NUMBER |
| Classification number |
TJ163.12 |
| 050 #4 - LIBRARY OF CONGRESS CALL NUMBER |
| Classification number |
TJ211.415 |
| 072 #7 - SUBJECT CATEGORY CODE |
| Subject category code |
TJFM |
| Source |
bicssc |
| 072 #7 - SUBJECT CATEGORY CODE |
| Subject category code |
TJFD |
| Source |
bicssc |
| 072 #7 - SUBJECT CATEGORY CODE |
| Subject category code |
TEC004000 |
| Source |
bisacsh |
| 072 #7 - SUBJECT CATEGORY CODE |
| Subject category code |
TEC037000 |
| Source |
bisacsh |
| 082 04 - DEWEY DECIMAL CLASSIFICATION NUMBER |
| Classification number |
629.8 |
| Edition number |
23 |
| 100 1# - MAIN ENTRY--PERSONAL NAME |
| Personal name |
Jakimovski, Bojan. |
| Relator term |
author. |
| 210 10 - ABBREVIATED TITLE |
| Abbreviated title |
Biologically Inspired Approaches for Locomotion, Anomaly Detection and Reconfiguration for Walking Robots |
| 245 10 - TITLE STATEMENT |
| Title |
Biologically Inspired Approaches for Locomotion, Anomaly Detection and Reconfiguration for Walking Robots |
| Medium |
[electronic resource] / |
| Statement of responsibility, etc. |
by Bojan Jakimovski. |
| 490 1# - SERIES STATEMENT |
| Series statement |
Cognitive Systems Monographs, |
| International Standard Serial Number |
1867-4925 ; |
| Volume/sequential designation |
14 |
| 505 0# - FORMATTED CONTENTS NOTE |
| Formatted contents note |
From the content: Introduction -- Biologically inspired computing and self-x properties -- Joint leg walking and hybrid robot demonstrators -- Biologically inspired robot control architecture -- Biologically inspired approaches for locomotion of a hexapod robot OSCAR. |
| 506 ## - RESTRICTIONS ON ACCESS NOTE |
| Terms governing access |
License restrictions may limit access. |
| 520 ## - SUMMARY, ETC. |
| Summary, etc. |
The increasing presence of mobile robots in our everyday lives introduces the requirements for their intelligent and autonomous features. Therefore the next generation of mobile robots should be more self-capable, in respect to: increasing of their functionality in unforeseen situations, decreasing of the human involvement in their everyday operations and their maintenance; being robust; fault tolerant and reliable in their operation. Although mobile robotic systems have been a topic of research for decades and aside the technology improvements nowadays, the subject on how to program and making them more autonomous in their operations is still an open field for research. Applying bio-inspired, organic approaches in robotics domain is one of the methodologies that are considered that would help on making the robots more autonomous and self-capable, i.e. having properties such as: self-reconfiguration, self-adaptation, self-optimization, etc. In this book several novel biologically inspired approaches for walking robots (multi-legged and humanoid) domain are introduced and elaborated. They are related to self-organized and self-stabilized robot walking, anomaly detection within robot systems using self-adaptation, and mitigating the faulty robot conditions by self-reconfiguration of a multi-legged walking robot. The approaches presented have been practically evaluated in various test scenarios, the results from the experiments are discussed in details and their practical usefulness is validated. |
| 650 #0 - SUBJECT ADDED ENTRY--TOPICAL TERM |
| Topical term or geographic name entry element |
Engineering. |
| 650 #0 - SUBJECT ADDED ENTRY--TOPICAL TERM |
| Topical term or geographic name entry element |
Artificial intelligence. |
| 650 14 - SUBJECT ADDED ENTRY--TOPICAL TERM |
| Topical term or geographic name entry element |
Engineering. |
| 650 24 - SUBJECT ADDED ENTRY--TOPICAL TERM |
| Topical term or geographic name entry element |
Control, Robotics, Mechatronics. |
| 650 24 - SUBJECT ADDED ENTRY--TOPICAL TERM |
| Topical term or geographic name entry element |
Robotics and Automation. |
| 650 24 - SUBJECT ADDED ENTRY--TOPICAL TERM |
| Topical term or geographic name entry element |
Artificial Intelligence (incl. Robotics). |
| 710 2# - ADDED ENTRY--CORPORATE NAME |
| Corporate name or jurisdiction name as entry element |
SpringerLink (Online service) |
| 773 0# - HOST ITEM ENTRY |
| Title |
Springer eBooks |
| 773 #0 - HOST ITEM ENTRY |
| Title |
SpringerLink ebooks - Engineering (2011) |
| 776 08 - ADDITIONAL PHYSICAL FORM ENTRY |
| Relationship information |
Printed edition: |
| International Standard Book Number |
9783642225048 |
| 830 #0 - SERIES ADDED ENTRY--UNIFORM TITLE |
| Uniform title |
Cognitive Systems Monographs, |
| Volume/sequential designation |
14 |
| 856 40 - ELECTRONIC LOCATION AND ACCESS |
| Uniform Resource Identifier |
<a href="http://www.columbia.edu/cgi-bin/cul/resolve?clio9387935">http://www.columbia.edu/cgi-bin/cul/resolve?clio9387935</a> |
| Public note |
Full text available from SpringerLink ebooks - Engineering (2011) |
| 910 ## - USER-OPTION DATA (OCLC) |
| User-option data |
Vendor-generated brief record |
| 942 ## - ADDED ENTRY ELEMENTS (KOHA) |
| Source of classification or shelving scheme |
|
| Koha item type |
Book |